Audio/Video Protocol Handbook : Broadcast Standards and Reference Data /

Contenido: Ingeniería de sistemas; Documentos de ingeniería; Temas de seguridad; Estándares de video; Documentos de la Sociedad de Ingenieros de Video y Televisión; Estándares de la Asociación de Consumidores Electrónicos; Estándares de la Sociedad de Ingeniería en Audio; Estándares del Comité de Si...

Volledige beschrijving

Bewaard in:
Bibliografische gegevens
Hoofdauteur: Whitaker, Jerry C. (ed.)
Formaat: Boek
Taal:Engels
Gepubliceerd in: Nueva York, EUA : McGraw-Hill, 2002, c2002
Onderwerpen:
Tags: Voeg label toe
Geen labels, Wees de eerste die dit record labelt!

MARC

LEADER 00000nam^a2200000^a^4500
001 000153966
005 20250521000000.0
009 20260310100336.913
020 |a 0-07-139643-8 
037 |a Acervo ITESO - Biblioteca 
041 |a ING 
082 |a 621. 3828  |b WHI 
100 |a Whitaker, Jerry C.  |e (ed.) 
245 1 0 |a Audio/Video Protocol Handbook :  |b Broadcast Standards and Reference Data /  |c Ed. de J.C. Whitaker. 
264 4 |a Nueva York, EUA :  |b McGraw-Hill,  |c 2002, c2002 
300 |a XIX, 589 p. +  |e 1 disco compacto de computadora 
336 |a texto  |b txt  |2 rdacontenido 
337 |a sin mediación  |b n  |2 rdamedio 
338 |a volumen  |b nc  |2 rdasoporte 
520 |a Contenido: Ingeniería de sistemas; Documentos de ingeniería; Temas de seguridad; Estándares de video; Documentos de la Sociedad de Ingenieros de Video y Televisión; Estándares de la Asociación de Consumidores Electrónicos; Estándares de la Sociedad de Ingeniería en Audio; Estándares del Comité de Sistemas Avanzados de Televisión; El espectro electromagnético; Asignación de frecuencia; Diccionario de términos electrónicos; Acronismos y abreviaturas; Referencias y tablas. 
521 |a 2012 BO Licenciatura en Comunicación y Artes Audiovisuales 
649 |a XX 
650 |a Video -  |x Aspectos Tecnológicos 
650 |a Radio -  |x Aspectos Tecnológicos 
650 |a Televisión -  |x Aspectos Tecnológicos 
650 |a Medios de Comunicación 
650 |a Protocolos de Comunicación 
650 |a Sistemas de Telecomunicación 
650 |a Telecomunicaciones 
650 |a Espectros Electromagnéticos 
650 |a Grabación y Reproducción del Sonido 
650 |a Sonido 
650 |a Física 
650 |a Comunicación 
650 |a Electrónica 
650 |a Ingeniería Computacional 
650 |a Ingeniería Electrónica 
910 |a Fondo General 
920 |a Impresos - Libros 
930 |a Colección General 
905 |a 101 
901 |a 0500086677  |b IT1  |c ACC  |u 20250521 
901 |a SFW0001325  |b IT2  |c SWS  |u 20250521 
902 |a https://opac.biblio.iteso.mx/vufind/Record/000153966